00393nam a2200145Ia 4500008004100000040001900041041001200060082002500072245003700097260003000134300002300164650002100187651002100208850001800229131103s9999 xx 000 0 und d aLoreto College aEnglish a425/LEAbLCBED/12605 aLearning englishb for class ix  aCalcuttabW.B.B.S.Ec1998 avii,106p. c 24cm. aLearning english aEnglish language aLCBED/425/LEA